| 000 | 00327nam a2200121Ia 4500 | ||
|---|---|---|---|
| 008 | 210210b1989 xxu||||| |||| 00| 0 eng d | ||
| 082 | _a025.435 SATM | ||
| 100 | _aSATIJA (M P). | ||
| 245 | _aManual of practical colon classification. | ||
| 260 |
_aND _bSterling Publishers Pvt. Ltd. _c1989 |
||
| 300 | _axiv,224 | ||
| 906 | _a044320 | ||
| 999 |
_c93812 _d93812 |
||